000 00916nam a2200253 c 4500
999 _c115253
_d115253
003 BLK
005 20200429145410.0
008 180409b bul|||||r ||||||| ||bul||
010 _aKNG00120730000
040 _aBLK
041 _aDEU
_cDEU
080 _aПриложно изкуство. Художествени занаяти. Интериор. Дизайн. Играчки. Худож. пространствено оформление
_b745/749
_z745/749
139 _aBunte welt der Antiquitaten
_bB 94
_gБ 86
245 1 0 _aBunte welt der Antiquitaten
257 _aDEU
260 _bVerl. der Kunst
_c1980
300 _a352 с.
_bс ил.
_c23 см
380 _a7
852 _aЦб 108110
856 4 _qpdf
856 4 _qpdf
942 _cKNG
_n0
_s1
944 _aCR
_c11.01.2011
_lдобави в АБ / 10.01.2011
_kНаталия_Любомирова
944 _aED
_c11.01.2011
_lдобави в АБ / 10.01.2011
999 _d115253